[Event "World Blitz 2015"]
[Site "Berlin GER"]
[Date "2015.10.13"]
[Round "2.52"]
[White "Hjartarson, Johann"]
[Black "Van Foreest, Jorden"]
[Result "0-1"]
[WhiteTitle "GM"]
[BlackTitle "IM"]
[WhiteElo "2529"]
[BlackElo "2548"]
[WhiteFideId "2300044"]
[BlackFideId "1039784"]
[EventDate "2015.10.13"]

1. e4 e5 2. Nf3 Nc6 3. Bb5 g6 4. O-O Bg7 5. c3 d6 6. d4 Bd7 7. Be3 Nf6 8. Nbd2
O-O 9. Ba4 Re8 10. d5 Ne7 11. h3 Rf8 12. c4 h6 13. c5 Ne8 14. cxd6 Nxd6 15. Bxd7
Qxd7 16. Qc2 f5 17. Rfd1 Rac8 18. Rac1 b6 19. exf5 gxf5 20. Nc4 Ng6 21. Nxd6
cxd6 22. Qb3 f4 23. Bd2 e4 24. Nh2 f3 25. Rc6 fxg2 26. Qg3 Kh7 27. Qg4 Qf7 28.
Be3 Rce8 29. Rdc1 Qxd5 30. Rc7 Rf7 31. Rxf7 Qxf7 32. b3 d5 33. Rd1 Ne5 34. Qg3
Nf3+ 35. Nxf3 exf3 36. Qg4 Re4 37. Qc8 d4 38. Qc2 Qg6 0-1

[Event "World Blitz 2015"]
[Site "Berlin GER"]
[Date "2015.10.13"]
[Round "2.53"]
[White "Grandelius, Nils"]
[Black "Kunin, Vitaly"]
[Result "1/2-1/2"]
[WhiteTitle "GM"]
[BlackTitle "GM"]
[WhiteElo "2647"]
[BlackElo "2556"]
[WhiteFideId "1710400"]
[BlackFideId "4128737"]
[EventDate "2015.10.13"]

1. Nf3 d6 2. d4 Nf6 3. Nc3 Nbd7 4. e4 e5 5. Bc4 Be7 6. O-O O-O 7. a4 c6 8. a5
Qc7 9. Qe2 exd4 10. Nxd4 Ne5 11. Bb3 Bg4 12. Qe3 Bd7 13. h3 b5 14. axb6 axb6 15.
Rxa8 Rxa8 16. Nf3 b5 17. Nxe5 dxe5 18. Qf3 Re8 19. Rd1 h6 20. Qg3 Kf8 21. Qf3
Qc8 22. Qg3 b4 23. Ne2 Nxe4 24. Qe3 Bf5 25. Qf3 Bc5 26. Be3 Bxe3 27. Qxe3 Kg8
28. Qa7 Be6 29. Qe3 Bxb3 30. Qxb3 Qf5 31. Qe3 Nf6 32. c4 bxc3 33. Nxc3 Nd5 34.
Nxd5 cxd5 35. Rxd5 Qb1+ 36. Kh2 Qxb2 37. f4 e4 38. Rd4 Qb7 39. Ra4 Qc6 40. Ra7
Qd5 41. Ra4 f5 42. Ra7 Qd6 43. Rb7 Kh7 44. Qg3 Re7 45. Rb5 e3 46. Rb1 e2 47. Re1
Qd5 48. Qf2 Qe4 49. Kg1 Re6 50. Qg3 Re7 51. Qf2 Qd3 52. Qc5 Re8 53. Qf2 Qd2 54.
Qg3 Re4 55. Qf2 Qd3 56. Kh2 Qd2 57. Kg1 Re7 58. Qg3 Qa5 59. Qf2 Qb4 60. Rxe2
Rxe2 61. Qxe2 Qxf4 62. Qb5 Qd4+ 63. Kh1 Qe4 64. Qd7 Qe1+ 65. Kh2 Qe5+ 66. Kh1
Qe4 67. Qd6 f4 68. Qd1 Qf5 69. Qf1 h5 70. Qe2 g6 71. Qe7+ Kh6 72. Qe2 Qd5 73.
Qf2 Qd1+ 74. Kh2 Qd6 75. Kh1 Qe5 76. Qd2 Qe3 77. Qd6 Qe1+ 78. Kh2 Qg3+ 79. Kh1
Qe1+ 80. Kh2 Qe4 81. Qf8+ Kg5 82. Qd8+ Kf5 83. Qf8+ Ke6 84. Qe8+ Kd5 85. Qa8+
Kd4 86. Qa7+ Kd3 87. Qa3+ Ke2 88. Qb2+ Kf1 89. Qc1+ Ke2 90. Qb2+ Ke3 91. Qc1+
Kd4 92. Qb2+ Kd5 93. Qb7+ Ke5 94. Qe7+ Kf5 95. Qf8+ Ke5 1/2-1/2

[Event "World Blitz 2015"]
[Site "Berlin GER"]
[Date "2015.10.13"]
[Round "2.54"]
[White "Sawlin, Leonid"]
[Black "Savchenko, Boris"]
[Result "0-1"]
[BlackTitle "GM"]
[WhiteElo "2258"]
[BlackElo "2567"]
[WhiteFideId "4689542"]
[BlackFideId "4147332"]
[EventDate "2015.10.13"]

1. e4 c5 2. Nf3 Nc6 3. d4 cxd4 4. Nxd4 g6 5. c4 d6 6. Be3 Bh6 7. Nxc6 bxc6 8.
Qd4 e5 9. Qd2 Bxe3 10. Qxe3 c5 11. Nc3 Ne7 12. Nd5 Nxd5 13. cxd5 Rb8 14. Qa3 O-O
15. Bd3 Qg5 16. g3 Bh3 17. Bf1 Bxf1 18. Kxf1 Qd2 19. Rb1 Qc2 20. Kg2 Qxe4+ 21.
Qf3 Qxf3+ 22. Kxf3 Rb4 23. Rhd1 Rfb8 24. Rd2 f5 25. Ke3 Kf7 26. f3 Kf6 27. Ke2
g5 28. Kd1 h5 29. Kc2 h4 30. Rd3 hxg3 31. hxg3 Rh8 32. Ra3 Rh2+ 33. Kc3 Rf2 34.
Rxa7 Rxf3+ 35. Kc2 Rf2+ 36. Kc3 e4 37. a3 Rd4 38. Rh1 0-1

[Event "World Blitz 2015"]
[Site "Berlin GER"]
[Date "2015.10.13"]
[Round "2.55"]
[White "Meier, Georg"]
[Black "Shabalov, Alexander"]
[Result "1-0"]
[WhiteTitle "GM"]
[BlackTitle "GM"]
[WhiteElo "2654"]
[BlackElo "2522"]
[WhiteFideId "4675789"]
[BlackFideId "2008572"]
[EventDate "2015.10.13"]

1. Nf3 f5 2. g3 Nf6 3. Bg2 g6 4. O-O Bg7 5. d4 O-O 6. c4 d6 7. Nc3 Qe8 8. d5 Na6
9. Be3 Bd7 10. Rc1 c6 11. Nd4 Nc7 12. b4 Ng4 13. Bf4 Ne5 14. c5 dxc5 15. bxc5
Kh8 16. dxc6 bxc6 17. Qa4 e6 18. Bxe5 Bxe5 19. Bxc6 Bxc6 20. Nxc6 Bg7 21. Rfd1
a6 22. Nd4 Qe7 23. Nc6 Qe8 24. Rd6 Nb5 25. Nxb5 axb5 26. Qb3 Ra6 27. Qxb5 Rxa2
28. Qc4 Qa8 29. Qxe6 Re8 30. Qxe8+ Qxe8 31. Rd8 Qxd8 32. Nxd8 Ra8 33. Ne6 Bb2
34. Rb1 Be5 35. f4 Bf6 36. c6 1-0

[Event "World Blitz 2015"]
[Site "Berlin GER"]
[Date "2015.10.13"]
[Round "2.56"]
[White "Bruzon Batista, Lazaro"]
[Black "Sanal, Vahap"]
[Result "1-0"]
[WhiteTitle "GM"]
[BlackTitle "IM"]
[WhiteElo "2659"]
[BlackElo "2501"]
[WhiteFideId "3503739"]
[BlackFideId "6300545"]
[EventDate "2015.10.13"]

1. c4 Nf6 2. Nc3 e5 3. Nf3 Nc6 4. d3 g6 5. g3 Bg7 6. Bg2 O-O 7. O-O d6 8. Rb1 a5
9. b3 h6 10. h3 Be6 11. e4 Nd7 12. Bb2 Nc5 13. Nb5 Nb4 14. d4 exd4 15. a3 Nc6
16. Nfxd4 Bd7 17. Ne2 Re8 18. Bxg7 Kxg7 19. Nec3 h5 20. Nd5 Rc8 21. Qc2 h4 22.
b4 axb4 23. axb4 Ne6 24. g4 f6 25. Qc3 Ng5 26. Rbe1 Nf7 27. f4 Nb8 28. g5 Bxb5
29. Nxf6 Kf8 30. cxb5 Re6 31. Bf3 d5 32. Bg4 d4 33. Qc5+ 1-0

[Event "World Blitz 2015"]
[Site "Berlin GER"]
[Date "2015.10.13"]
[Round "2.58"]
[White "Cheparinov, Ivan"]
[Black "Schmaltz, Roland"]
[Result "1-0"]
[WhiteTitle "GM"]
[BlackTitle "GM"]
[WhiteElo "2681"]
[BlackElo "2504"]
[WhiteFideId "2905540"]
[BlackFideId "4614054"]
[EventDate "2015.10.13"]

1. d4 Nf6 2. c4 g6 3. g3 Bg7 4. Bg2 O-O 5. Nc3 d6 6. Nf3 Nbd7 7. O-O e5 8. e4 a6
9. h3 Rb8 10. Be3 exd4 11. Nxd4 Re8 12. b3 c5 13. Nde2 b5 14. Qxd6 b4 15. Na4
Nxe4 16. Bxe4 Rxe4 17. Rad1 Qe8 18. Nf4 Bf8 19. Qc7 Rb7 20. Qc6 Rxe3 21. fxe3
Qxe3+ 22. Kh2 Ne5 23. Qxc8 g5 24. Qxb7 gxf4 25. gxf4 1-0

[Event "World Blitz 2015"]
[Site "Berlin GER"]
[Date "2015.10.13"]
[Round "2.59"]
[White "Edouard, Romain"]
[Black "Petursson, Margeir"]
[Result "1-0"]
[WhiteTitle "GM"]
[BlackTitle "GM"]
[WhiteElo "2636"]
[BlackElo "2520"]
[WhiteFideId "633429"]
[BlackFideId "2300028"]
[EventDate "2015.10.13"]

1. d4 d5 2. c4 c6 3. Nf3 Nf6 4. Nbd2 g6 5. g3 Bg7 6. Bg2 O-O 7. O-O Nbd7 8. b3
c5 9. Bb2 dxc4 10. Nxc4 Rb8 11. d5 Nb6 12. Nxb6 Qxb6 13. Nd2 Rd8 14. e4 Qa6 15.
Qc2 e6 16. d6 Qxd6 17. Nc4 Qe7 18. Be5 Ra8 19. Rad1 Bd7 20. Bd6 Qe8 21. Bc7 e5
22. Bxd8 Rxd8 23. Nd6 Qe6 24. Nxb7 Rb8 25. Nxc5 Qc6 26. Rc1 Be8 27. Nd3 Qe6 28.
Rfd1 Bh6 29. Qc7 Rb6 30. Rc5 Nd7 31. Rd5 Rc6 32. Qxa7 Rc2 33. Qa8 Kg7 34. Qa5
Nf6 35. Rxe5 Qd6 36. Rc5 Qd4 37. Rxc2 1-0

[Event "World Blitz 2015"]
[Site "Berlin GER"]
[Date "2015.10.13"]
[Round "2.60"]
[White "Rublevsky, Sergei"]
[Black "Pavlidis, Antonios"]
[Result "0-1"]
[WhiteTitle "GM"]
[BlackTitle "GM"]
[WhiteElo "2702"]
[BlackElo "2522"]
[WhiteFideId "4115309"]
[BlackFideId "4212312"]
[EventDate "2015.10.13"]

1. e4 e5 2. Bc4 Nf6 3. d3 Nc6 4. Nc3 Na5 5. Qf3 Nxc4 6. dxc4 d6 7. Nge2 Be6 8.
b3 Be7 9. O-O Qd7 10. h3 h6 11. a4 O-O-O 12. Qe3 a6 13. Qa7 Qc6 14. Nd5 Kd7 15.
Nec3 Bxd5 16. exd5 Qb6 17. Qxb6 cxb6 18. Be3 Kc7 19. a5 bxa5 20. Rxa5 Nd7 21. b4
f5 22. Rfa1 f4 23. Bc1 Nb6 24. b5 Nxc4 25. R5a4 Nb6 26. R4a2 Ra8 27. bxa6 bxa6
28. Rxa6 Rxa6 29. Rxa6 Kb7 30. Ra3 Rc8 31. Rb3 Ka6 32. Kf1 Rc4 33. Ke2 g5 34. f3
Rc5 35. Ba3 Rc4 36. Bb4 Rd4 37. Ne4 Nxd5 38. Bxd6 0-1

[Event "World Blitz 2015"]
[Site "Berlin GER"]
[Date "2015.10.13"]
[Round "2.61"]
[White "Dlugy, Maxim"]
[Black "Svane, Rasmus"]
[Result "1/2-1/2"]
[WhiteTitle "GM"]
[BlackTitle "IM"]
[WhiteElo "2518"]
[BlackElo "2543"]
[WhiteFideId "2000075"]
[BlackFideId "4657101"]
[EventDate "2015.10.13"]

1. d4 d5 2. Bf4 Nf6 3. e3 c5 4. dxc5 Nc6 5. Bb5 Qa5+ 6. Nc3 e6 7. a3 Be7 8. b4
Qd8 9. Nf3 O-O 10. O-O a5 11. Rb1 axb4 12. axb4 Bd7 13. Re1 Ra3 14. Qd2 Qa8 15.
e4 d4 16. Nxd4 e5 17. Nxc6 bxc6 18. Bxe5 cxb5 19. Bxf6 Bxf6 20. e5 Bg5 21. f4
Bh4 22. g3 Rd8 23. Re3 Bh3 24. Qe2 Be7 25. g4 Ra1 26. Rxh3 Rxb1+ 27. Nxb1 Qa1
28. Qe1 Qd4+ 29. Re3 Bh4 30. Qe2 Qxf4 31. Nd2 Bg5 32. Nf1 Qxb4 33. Rd3 Qxc5+ 34.
Kg2 Re8 35. Ng3 Rxe5 36. Qf2 Qxf2+ 37. Kxf2 g6 38. Kf3 Be7 39. Ne4 Kg7 40. Rd7
b4 41. Rb7 Re6 42. Rc7 h6 43. h3 Kf8 44. c3 bxc3 45. Nxc3 Bd6 46. Rc8+ Kg7 47.
Ne4 Be7 48. Rc7 Re5 49. Ng3 Kf8 50. Rc8+ Kg7 51. Rc7 Bd6 52. Rd7 Re6 53. Ne4 Be7
54. Rb7 Re5 55. Rd7 f5 56. gxf5 gxf5 57. Ng3 Kf6 58. Ra7 Rb5 59. Ra6+ Kg7 60.
Nh5+ Kf7 61. Rxh6 Bg5 62. Ra6 Rb3+ 63. Kg2 Rb2+ 64. Kf3 Rb3+ 65. Kg2 f4 66. Rc6
Ra3 67. Rb6 f3+ 68. Kg3 f2+ 69. Kg2 Rf3 70. Rb1 Rf5 71. Ng3 Ra5 72. Rf1 Ra2 73.
Ne4 Bh4 74. Kf3 Ke6 75. Kg4 Ra4 76. Kxh4 Rxe4+ 77. Kg3 Re2 78. Kf3 Ra2 79. Rxf2
Rxf2+ 80. Kxf2 1/2-1/2

[Event "World Blitz 2015"]
[Site "Berlin GER"]
[Date "2015.10.13"]
[Round "2.62"]
[White "Van Wely, Loek"]
[Black "Ganguly, Surya Shekhar"]
[Result "0-1"]
[WhiteTitle "GM"]
[BlackTitle "GM"]
[WhiteElo "2632"]
[BlackElo "2652"]
[WhiteFideId "1000268"]
[BlackFideId "5002150"]
[EventDate "2015.10.13"]

1. Nf3 Nf6 2. g3 d5 3. Bg2 e6 4. O-O Be7 5. d3 O-O 6. Nbd2 Nc6 7. e4 dxe4 8.
dxe4 e5 9. Qe2 Bc5 10. Nc4 Qe7 11. c3 a5 12. Bg5 h6 13. Bxf6 Qxf6 14. Ne3 Ne7
15. Rfd1 c6 16. a4 b6 17. Nc4 Ba6 18. Rd2 Qe6 19. Bf1 Ng6 20. Rad1 f5 21. b3 f4
22. Rd7 Rf6 23. Rc7 fxg3 24. hxg3 Raf8 25. Rdd7 Ne7 26. Bg2 Bc8 27. Rxe7 Bxe7
28. Nxb6 Bd6 29. Rxc8 Rxc8 30. Nxc8 Qxc8 31. Qc4+ Kh7 32. Nh4 Qe6 33. Qxc6 Qxb3
34. Nf5 Bf8 35. Qd7 Qxc3 36. Bh3 Qc6 37. Qd3 Qxa4 38. Kg2 Qb4 39. Qd5 Qc5 40.
Qa8 Qc6 41. Qxa5 Qxe4+ 42. Kg1 Rxf5 0-1

[Event "World Blitz 2015"]
[Site "Berlin GER"]
[Date "2015.10.13"]
[Round "2.63"]
[White "Richter, Michael"]
[Black "Ragger, Markus"]
[Result "0-1"]
[WhiteTitle "GM"]
[BlackTitle "GM"]
[WhiteElo "2517"]
[BlackElo "2698"]
[WhiteFideId "4618920"]
[BlackFideId "1610856"]
[EventDate "2015.10.13"]

1. d4 d5 2. c4 c6 3. cxd5 cxd5 4. Nf3 Nc6 5. Nc3 Nf6 6. Bf4 Bf5 7. e3 e6 8. Qb3
Bb4 9. Ne5 Bxc3+ 10. bxc3 O-O 11. Nxc6 bxc6 12. Be2 Qb6 13. f3 c5 14. O-O Rfc8
15. g4 Bg6 16. Rfc1 h6 17. Kg2 c4 18. Qa3 Qb7 19. Bd1 Rc6 20. Bc2 Ra6 21. Qb4
Rb6 22. Qa4 Rb2 23. Kg3 Rc8 24. Bxg6 fxg6 25. Rc2 Rb6 26. Rcc1 g5 27. Be5 Nd7
28. Qc2 Rb2 29. Qg6 Nf8 30. Qh5 Kh7 31. h4 g6 32. Qxh6+ Kxh6 33. hxg5+ Kh7 34.
Rh1+ Kg8 35. Rh8+ Kf7 36. Rah1 Qa6 37. Bd6 Qxa2 38. Bxf8 Rxf8 39. R8h7+ Ke8 40.
R1h2 Rxh2 41. Rxh2 Qb1 0-1

[Event "World Blitz 2015"]
[Site "Berlin GER"]
[Date "2015.10.13"]
[Round "2.64"]
[White "Bacrot, Etienne"]
[Black "Seel, Christian"]
[Result "1-0"]
[WhiteTitle "GM"]
[BlackTitle "IM"]
[WhiteElo "2697"]
[BlackElo "2474"]
[WhiteFideId "605506"]
[BlackFideId "4663098"]
[EventDate "2015.10.13"]

1. d4 d5 2. Nf3 Nf6 3. c4 c6 4. e3 Bg4 5. Nc3 e6 6. h3 Bxf3 7. Qxf3 Nbd7 8. Bd2
Bd6 9. g4 h6 10. h4 dxc4 11. Bxc4 Nd5 12. Ne4 Be7 13. g5 N7b6 14. Bb3 Qc7 15.
O-O-O a5 16. a3 a4 17. Ba2 Nd7 18. Rhg1 h5 19. Ng3 g6 20. e4 N5b6 21. Bf4 Qc8
22. Kb1 Ra5 23. Rge1 Rf8 24. d5 e5 25. d6 exf4 26. dxe7 Kxe7 27. Qxf4 Qb8 28.
Nf5+ gxf5 29. exf5+ Re5 30. f6+ Ke8 31. Qb4 c5 32. Qd2 Rxe1 33. Rxe1+ Kd8 34.
Re7 Qh2 35. Bxf7 Qh1+ 36. Ka2 Rxf7 37. Rxf7 Qe4 38. Re7 Qc4+ 39. Ka1 Nd5 40. Re1
Nf4 41. Rd1 Qd4 42. Qxd4 cxd4 43. Rxd4 Ng6 44. Rxa4 Ke8 45. Rb4 Nde5 46. Rxb7
Nxh4 47. Rh7 Nhf3 48. Rxh5 Kf7 49. a4 Kg6 50. Rh1 Kxg5 51. a5 Nc6 52. f7 1-0

[Event "World Blitz 2015"]
[Site "Berlin GER"]
[Date "2015.10.13"]
[Round "2.65"]
[White "Bok, Benjamin"]
[Black "Bezold, Michael"]
[Result "1-0"]
[WhiteTitle "GM"]
[BlackTitle "GM"]
[WhiteElo "2591"]
[BlackElo "2509"]
[WhiteFideId "1017063"]
[BlackFideId "4601718"]
[EventDate "2015.10.13"]

1. e4 d6 2. d4 Nf6 3. Nc3 c6 4. Nf3 Bg4 5. Be2 e6 6. O-O d5 7. e5 Nfd7 8. Ne1
Bxe2 9. Nxe2 c5 10. c3 Nc6 11. Be3 Be7 12. Nd3 cxd4 13. cxd4 Rc8 14. Rc1 a6 15.
Nef4 g6 16. Qg4 Qb6 17. Nxe6 fxe6 18. Qxe6 Nd8 19. Qxd5 Rxc1 20. Rxc1 Qb5 21.
Qxb5 axb5 22. d5 b6 23. d6 Bf8 24. Rc8 Nxe5 25. Nxe5 Bxd6 26. Bxb6 Bxe5 27.
Rxd8+ Ke7 28. Rxh8 Bxh8 29. b3 Ke6 30. Kf1 Kd5 31. Ke2 b4 32. Kd3 Be5 33. h3 Bd6
34. Be3 h5 35. g4 Bc7 36. f4 hxg4 37. hxg4 Bd6 38. Bd2 Be7 39. f5 gxf5 40. gxf5
Ke5 41. Kc4 Kxf5 42. Bxb4 Bh4 43. Kd5 Kf6 44. a4 Bf2 45. a5 1-0

[Event "World Blitz 2015"]
[Site "Berlin GER"]
[Date "2015.10.13"]
[Round "2.66"]
[White "Munoz Pantoja, Miguel"]
[Black "Rabiega, Robert"]
[Result "1-0"]
[WhiteTitle "GM"]
[BlackTitle "GM"]
[WhiteElo "2441"]
[BlackElo "2503"]
[WhiteFideId "3800229"]
[BlackFideId "4601475"]
[EventDate "2015.10.13"]

1. e4 e5 2. Nf3 Nf6 3. Nc3 Bb4 4. Nxe5 O-O 5. Be2 Re8 6. Nd3 Bxc3 7. dxc3 Nxe4
8. O-O d5 9. Be3 c6 10. Nf4 Nd6 11. Re1 Nd7 12. Bd4 Nf6 13. Bd3 Rxe1+ 14. Qxe1
Bf5 15. Qe5 Bg6 16. Bc5 Nde4 17. Bxe4 Nxe4 18. Bd4 f6 19. Qe6+ Bf7 20. Qg4 c5
21. Be3 Qb6 22. Nd3 Be6 23. Qd1 Rd8 24. Nxc5 Nxc5 25. b4 Qc6 26. Bxc5 b6 27. Bd4
Bf5 28. a4 Re8 29. a5 h6 30. axb6 axb6 31. h3 Qc7 32. Qh5 Qd7 33. Bxb6 Bxc2 34.
Bd4 Be4 35. Ra7 Qe6 36. b5 Rf8 37. b6 Qc6 38. Qg4 Rf7 39. f3 Bd3 40. Kh2 Bc4 41.
Be3 Rxa7 42. bxa7 Qc7+ 43. Qg3 1-0

[Event "World Blitz 2015"]
[Site "Berlin GER"]
[Date "2015.10.13"]
[Round "2.67"]
[White "Fedorchuk, Sergey A."]
[Black "Donchenko, Alexander"]
[Result "0-1"]
[WhiteTitle "GM"]
[BlackTitle "GM"]
[WhiteElo "2635"]
[BlackElo "2577"]
[WhiteFideId "14102536"]
[BlackFideId "24603295"]
[EventDate "2015.10.13"]

1. e4 c6 2. Nc3 d5 3. Nf3 Nf6 4. e5 Ne4 5. Be2 Bf5 6. d3 Nxc3 7. bxc3 e6 8. O-O
Be7 9. Nd4 Bg6 10. f4 c5 11. Nf3 Nc6 12. Kh1 b5 13. Bd2 h5 14. a4 b4 15. cxb4
cxb4 16. Qe1 a5 17. Qf2 Rb8 18. Be3 h4 19. Bc5 Bh5 20. Bxe7 Qxe7 21. d4 h3 22.
g3 O-O 23. Rad1 b3 24. cxb3 Rxb3 25. Ng1 Bxe2 26. Qxe2 Qb4 27. Nxh3 Nxd4 28. Qh5
g6 29. Qg4 Kg7 30. Ng5 Rh8 31. Rf2 Rb2 32. Rdf1 Rxf2 33. Rxf2 Qe1+ 34. Kg2 Rxh2+
35. Kxh2 Qxf2+ 36. Kh3 Qf1+ 37. Kh4 Nf5+ 0-1

[Event "World Blitz 2015"]
[Site "Berlin GER"]
[Date "2015.10.13"]
[Round "2.69"]
[White "Bologan, Viktor"]
[Black "Valdes Romero, Leonardo"]
[Result "1-0"]
[WhiteTitle "GM"]
[BlackTitle "IM"]
[WhiteElo "2607"]
[BlackElo "2362"]
[WhiteFideId "13900048"]
[BlackFideId "6500331"]
[EventDate "2015.10.13"]

1. e4 d6 2. d4 Nf6 3. Bd3 g6 4. Nf3 Bg7 5. O-O O-O 6. c3 Nc6 7. h3 e5 8. Re1 a6
9. Na3 Bd7 10. Nc2 Re8 11. Bg5 h6 12. Bh4 Rb8 13. Qd2 Kh7 14. Rad1 Qc8 15. Bg3
Nh5 16. Bh2 Qd8 17. Bc4 Qe7 18. Ne3 Na5 19. Bf1 Nc6 20. Nd5 Qd8 21. dxe5 Nxe5
22. Nxe5 Bxe5 23. Bxe5 Rxe5 24. f4 Re8 25. Qd4 Bc6 26. g4 Bxd5 27. Qxd5 Ng7 28.
Bg2 Qf6 29. Rf1 Re7 30. e5 dxe5 31. fxe5 Qb6+ 32. Kh1 Ne6 33. Qd2 Rd8 34. Qe2
Red7 35. Rxd7 Rxd7 36. h4 Qb5 37. Qxb5 axb5 38. Bxb7 Rd2 39. Rxf7+ Kg8 40. Rf6
Nc5 41. Bf3 Rxb2 42. e6 Rb1+ 43. Kg2 Re1 44. Rxg6+ Kh7 45. Rf6 Nxe6 46. Kf2 Re5
47. Rf7+ Kg8 48. Re7 Kf8 49. Rh7 Kg8 50. Rd7 Kf8 51. Rd5 Rxd5 52. Bxd5 Nf4 53.
Bc6 Nd3+ 54. Ke3 Nc1 55. Bd5 c6 56. Bb3 Ke7 1-0

[Event "World Blitz 2015"]
[Site "Berlin GER"]
[Date "2015.10.13"]
[Round "2.70"]
[White "Riff, Jean-Noel"]
[Black "Postny, Evgeny"]
[Result "1-0"]
[WhiteTitle "GM"]
[BlackTitle "GM"]
[WhiteElo "2499"]
[BlackElo "2658"]
[WhiteFideId "611190"]
[BlackFideId "2804344"]
[EventDate "2015.10.13"]

1. e4 e5 2. Nf3 Nc6 3. Bb5 a6 4. Ba4 Nf6 5. O-O Be7 6. Re1 b5 7. Bb3 d6 8. c3
Na5 9. Bc2 c5 10. h3 Qc7 11. d3 O-O 12. Nbd2 Nc6 13. Nf1 Re8 14. Ng3 g6 15. a4
Bd7 16. Bg5 b4 17. Qd2 Rab8 18. Nh2 bxc3 19. bxc3 Rb2 20. Qc1 Reb8 21. Nhf1 Be6
22. Ne3 Ne8 23. Bxe7 Qxe7 24. Nd5 Bxd5 25. exd5 Na5 26. d4 cxd4 27. cxd4 Qc7 28.
Re2 exd4 29. Rxe8+ Rxe8 30. Qxb2 Qc5 31. Ne4 Nc4 32. Qc1 Rxe4 33. Bxe4 Qb4 34.
Rb1 Qxa4 35. Qd1 1-0

[Event "World Blitz 2015"]
[Site "Berlin GER"]
[Date "2015.10.13"]
[Round "2.71"]
[White "Khairullin, Ildar"]
[Black "Pavlovic, Milos"]
[Result "1/2-1/2"]
[WhiteTitle "GM"]
[BlackTitle "GM"]
[WhiteElo "2652"]
[BlackElo "2481"]
[WhiteFideId "4151348"]
[BlackFideId "900389"]
[EventDate "2015.10.13"]

1. Nf3 Nf6 2. g3 g6 3. Bg2 Bg7 4. O-O O-O 5. d4 d6 6. b3 c5 7. Bb2 cxd4 8. Nxd4
Qb6 9. c4 Nc6 10. e3 Bg4 11. Qd2 Rfc8 12. Nc3 Qa5 13. h3 Bd7 14. Rfd1 Rab8 15.
Qe2 a6 16. a3 Qd8 17. Rac1 Nxd4 18. exd4 b5 19. cxb5 axb5 20. b4 Rc4 21. d5 Rbc8
22. Re1 Kf8 23. Qd2 h5 24. Ne2 Qb6 25. Rxc4 Rxc4 26. Rc1 Rxc1+ 27. Qxc1 Qb7 28.
Qd2 Bf5 29. Nd4 Be4 30. Nc6 Bxg2 31. Kxg2 Qd7 32. Qd3 Qb7 33. Bxf6 Bxf6 34. Qe4
Kg7 35. h4 Qa8 36. Qd3 Qb7 37. Na5 Qb6 38. Nc6 Qb7 39. Na5 Qb6 1/2-1/2

[Event "World Blitz 2015"]
[Site "Berlin GER"]
[Date "2015.10.13"]
[Round "2.72"]
[White "Przybylski, Wojciech"]
[Black "Seirawan, Yasser"]
[Result "1-0"]
[WhiteTitle "FM"]
[BlackTitle "GM"]
[WhiteElo "2354"]
[BlackElo "2620"]
[WhiteFideId "1117599"]
[BlackFideId "2000032"]
[EventDate "2015.10.13"]

1. e4 c6 2. Nc3 d5 3. Nf3 dxe4 4. Nxe4 Nf6 5. Nxf6+ gxf6 6. g3 Bg4 7. h3 Bh5 8.
Bg2 Nd7 9. d4 Nb6 10. O-O Bg7 11. Re1 O-O 12. c3 e6 13. a4 Nd5 14. Qb3 Qb6 15.
Qxb6 axb6 16. Bd2 Rfd8 17. c4 Ne7 18. Bc3 Bxf3 19. Bxf3 Nf5 20. Red1 Nd6 21. d5
cxd5 22. cxd5 e5 23. g4 f5 24. gxf5 Nxf5 25. a5 Rd6 26. axb6 Rb8 27. Be4 Nd4 28.
Ra4 Rxb6 29. Rda1 f5 30. Bxd4 exd4 31. Bxf5 Be5 32. Ra8 Rxa8 33. Rxa8+ Kg7 34.
Ra7 Kf6 35. Bxh7 Rxb2 36. Ra3 Bd6 37. Rf3+ Ke5 38. Rf5+ Ke4 39. Rh5+ Kf4 40.
Rf5+ Ke4 41. Kg2 d3 42. Rf3+ Kxd5 43. Rxd3+ Ke5 44. Bg8 b5 45. Rd5+ 1-0

[Event "World Blitz 2015"]
[Site "Berlin GER"]
[Date "2015.10.13"]
[Round "2.73"]
[White "Agrest, Evgenij"]
[Black "Abel, Dennes"]
[Result "0-1"]
[WhiteTitle "GM"]
[BlackTitle "IM"]
[WhiteElo "2596"]
[BlackElo "2441"]
[WhiteFideId "1705024"]
[BlackFideId "24605417"]
[EventDate "2015.10.13"]

1. Nf3 d5 2. c4 c6 3. e3 Nf6 4. Qc2 Bg4 5. Ne5 Be6 6. d4 Nbd7 7. f4 g6 8. Bd3
Nxe5 9. dxe5 dxc4 10. Bxc4 Bxc4 11. Qxc4 Qd5 12. Qxd5 Nxd5 13. Ke2 f5 14. exf6
exf6 15. e4 Nb4 16. Na3 O-O-O 17. Be3 b6 18. Rhc1 Kb7 19. Nc4 Na6 20. e5 Be7 21.
a3 Rhe8 22. Kf3 fxe5 23. Nxe5 c5 24. b4 Bd6 25. b5 Nc7 26. Nc6 Rd7 27. a4 Rf7
28. g3 g5 29. Rd1 gxf4 30. gxf4 Bxf4 31. Bxf4 Ne6 32. Kg2 Nxf4+ 33. Kh1 Nh3 34.
Nd8+ Rxd8 35. Rxd8 Kc7 36. Rg8 Nf2+ 37. Kg2 Nd3 38. Rf1 Re7 39. Rff8 Ne5 40. Ra8
Kd6 41. Rgd8+ Ke6 42. Re8 c4 43. Rxe7+ Kxe7 44. Rxa7+ Kd6 45. Kf2 h6 46. Ke3 Kc5
47. Rh7 Kb4 48. Ke4 Ng4 49. h3 Nf6+ 50. Kd4 Nxh7 51. h4 Nf6 0-1

[Event "World Blitz 2015"]
[Site "Berlin GER"]
[Date "2015.10.13"]
[Round "2.74"]
[White "Thiede, Lars"]
[Black "Grigoriants, Sergey"]
[Result "0-1"]
[WhiteTitle "IM"]
[BlackTitle "GM"]
[WhiteElo "2437"]
[BlackElo "2603"]
[WhiteFideId "4607759"]
[BlackFideId "4130804"]
[EventDate "2015.10.13"]

1. g3 Nf6 2. Bg2 e5 3. c4 Nc6 4. Nf3 Bc5 5. O-O d6 6. d3 O-O 7. Nc3 h6 8. a3 a6
9. b4 Ba7 10. Bb2 Re8 11. Nd2 Rb8 12. Rc1 Ne7 13. Nd5 Nfxd5 14. cxd5 Bd7 15. Nc4
Ng6 16. e4 f5 17. d4 exd4 18. Bxd4 Bxd4 19. Qxd4 f4 20. Rfe1 Bb5 21. Bh3 Bxc4
22. Qxc4 Ne5 23. Qc3 Qf6 24. Be6+ Kh8 25. Kg2 Re7 26. Rcd1 Rf8 27. gxf4 Qxf4 28.
Qg3 Qf6 29. Rf1 Ng6 30. Kh1 Nf4 31. Bf5 Qe5 32. f3 g6 33. Bh3 Ref7 34. Rf2 Rf6
35. Rg1 Qd4 36. Bf1 R8f7 37. Qh4 Kh7 38. Qg3 Qc3 39. Bh3 Qe3 40. Be6 Rf8 41.
Rgf1 Nxe6 42. dxe6 Rxe6 43. Rc2 Rf7 44. Qf2 Qf4 45. Qg3 Qxg3 46. hxg3 Rxe4 47.
fxe4 Rxf1+ 48. Kg2 Rf7 49. Rd2 Kg7 50. Rd5 Kf6 51. Kf3 Ke6+ 52. Ke3 c6 53. Rd1
h5 54. Rh1 Ke5 55. Rd1 Rf6 56. Rc1 Rf8 57. Rd1 Ra8 58. Rb1 a5 59. b5 c5 60. Rd1
Rf8 61. Rd5+ Ke6 62. Rg5 Rf6 63. Rd5 b6 64. Rd1 Rf8 65. Rd5 Rf1 66. Rg5 Kf7 67.
Rd5 Ke7 68. Rg5 Rf6 69. Rd5 Re6 70. Kf4 Kf6 71. Rd1 g5+ 72. Ke3 Kg6 73. Rd5 h4
74. gxh4 gxh4 75. Kf4 Kf7 76. Rh5 Rf6+ 77. Ke3 Rg6 78. Rxh4 Rg3+ 79. Kf4 Rxa3
80. Rh7+ Ke6 81. Rb7 Rb3 82. Rxb6 a4 83. Rb8 a3 84. Re8+ Kd7 85. Ra8 Kc7 86. Ra6
Kd7 87. Kf5 Rf3+ 88. Kg4 Rd3 89. Kf4 Kc7 90. Kf5 Rb3 91. Ke6 Rb4 92. Rc6+ Kb7
93. Kxd6 Rxb5 94. Rc7+ Ka6 95. Rc8 Ka5 96. Ra8+ Kb4 97. e5 c4 98. e6 Rb6+ 99.
Kd7 c3 100. e7 Rb7+ 101. Kd6 Rxe7 102. Kxe7 c2 103. Rb8+ Kc3 104. Rc8+ Kb2 105.
Rb8+ Kc1 106. Ra8 Kd1 107. Rd8+ Ke1 108. Rc8 a2 109. Rxc2 a1=Q 110. Rc6 Ke2 111.
Re6+ Kd3 112. Kd6 Qd4+ 113. Ke7 Qc5+ 114. Kf6 Qf8+ 115. Ke5 Qf7 116. Kd6 Kd4
117. Re7 Qf6+ 118. Re6 Qd8+ 119. Kc6 Qd5+ 0-1